000 00718cab a2200301 4500
001 ABS60584
008 090401t1999 xxu||||| |||| 00| 0 eng d
035 _a(Sirsi) u93149
041 _aeng
245 _aFirst Fashions Pension Scheme v List (VO)
260 _c1999
350 _a0
490 _aRating Appeals
_v[1999] RA, 93-108
650 _aACCESS
650 _aCHARITIES
650 _aCOLUMNS
650 _aDEDUCTIONS
650 _aDISADVANTAGES
650 _aHEADROOM
650 _aNATURAL LIGHT
650 _aSTORAGE
650 _aTONE OF THE LIST
650 _aValuation
_96273
650 _aWORKSHOPS
690 _aRATING AND VALUATION-CASE LAW
942 _n0
948 _c06/05/1999
999 _c59034
_d59034